000 00382nam a2200157Ia 4500
003 Ost
005 20260225132548.0
008 260225s9999||||xx |||||||||||||| ||und||
040 _cfsic
041 _afre
082 _a440
100 _aN petit Maire
_eAuteur
245 0 _aLe sahara atlantique a l'holocene peuplement et ecologie /
245 0 _cN petit Maire
942 _cكتاب
999 _c33995
_d33995